书目信息 |
| 题名: |
猫城记·小坡的生日
|
|
| 作者: | 老舍, 著 | |
| 分册: | ||
| 出版信息: | 北京 应急管理出版社 2022.09 |
|
| 页数: | 284页 | |
| 开本: | 24cm | |
| 丛书名: | 老舍作品集 | |
| 单 册: | ||
| 中图分类: | I246.57 , I286.7 | |
| 科图分类: | ||
| 主题词: | 长篇小说--chang pian xiao shuo--中国--现代 , 童话--tong hua--中国--当代 | |
| 电子资源: | ||
| ISBN: | 978-7-5020-9440-9 | |
| 000 | 01003nam 2200289 450 | |
| 001 | CAL 012022029479 | |
| 005 | 20230217093111.0 | |
| 010 | @a978-7-5020-9440-9@dCNY52.00 | |
| 100 | @a20221009d2022 em y0chiy0120 ea | |
| 101 | 0 | @achi |
| 102 | @aCN@b110000 | |
| 105 | @ay z 000zy | |
| 106 | @ar | |
| 200 | 1 | @a猫城记·小坡的生日@Amao cheng ji · xiao po de sheng ri@f老舍著 |
| 210 | @a北京@c应急管理出版社@d2022.09 | |
| 215 | @a284页@d24cm | |
| 225 | 2 | @a老舍作品集@Alao she zuo pin ji |
| 314 | @a老舍, 本名舒庆春, 字舍予, 生于北京, 满族正红旗人。中国现代著名小说家、剧作家。1924年远赴英国, 任教于伦敦大学东方学院, 并开始创作长篇小说。 | |
| 330 | @a本书收录了猫城记、小坡的生日两部作品。 | |
| 410 | 0 | @12001 @a老舍作品集 |
| 606 | 0 | @a长篇小说@Achang pian xiao shuo@y中国@z现代 |
| 606 | 0 | @a童话@Atong hua@y中国@z当代 |
| 690 | @aI246.57@v5 | |
| 690 | @aI286.7@v5 | |
| 701 | 0 | @a老舍,@Alao she@f1899-1966@4著 |
| 801 | 0 | @aCN@bBJXHZP@c20230222 |
| 905 | @b1393969-72@dI246.57@e217@f4 | |
| 猫城记·小坡的生日/老舍著.-北京:应急管理出版社,2022.09 |
| 284页;24cm.-(老舍作品集) |
| ISBN 978-7-5020-9440-9:CNY52.00 |
| 本书收录了猫城记、小坡的生日两部作品。 |
| ● |
| 相关链接 |
|
|
|
|
正题名:猫城记·小坡的生日
索取号:I246.57/217
 
预约/预借
| 序号 | 登录号 | 条形码 | 馆藏地/架位号 | 状态 | 备注 |
| 1 | 1393969 | 213939693 | 第一样本阅览室/ [索取号:I246.57/217] | 在馆 | |
| 2 | 1393970 | 213939700 | 第二借阅区/ [索取号:I246.57/217] | 在馆 | |
| 3 | 1393971 | 213939719 | 第二借阅区/ [索取号:I246.57/217] | 在馆 | |
| 4 | 1393972 | 213939728 | 第二借阅区/ [索取号:I246.57/217] | 在馆 |